[Event "IECC CL5-2001.33"]
[Site "IECC email"]
[Date "2001.11.28"]
[Round "?"]
[White "Lake, Jim"]
[Black "Lovering, Kenneth"]
[Result "1-0"]
[WhiteElo "1477"]
[BlackElo "1413"]
[PlyCount "27"]
[EventDate "2001.??.??"]
[EventType "tourn (corr)"]
[EventRounds "4"]
[SourceTitle "Corr 2008"]
[Source "ChessBase"]
[SourceDate "2008.06.24"]
[SourceVersion "1"]
[SourceVersionDate "2008.06.24"]
[SourceQuality "1"]

1. e4 c6 2. d4 d5 3. e5 c5 4. dxc5 e6 5. Be3 Nd7 6. Nf3 Bxc5 7. Bxc5 Nxc5 8. Qd4 Qc7 9. Na3 a6 10. Bd3 Nxd3+ 11. cxd3 Qa5+ 12. Ke2 Ne7 13. Rhc1 0-0 14. Qc5 1-0

[Event "IECC CL6-2001.31"]
[Site "IECC email"]
[Date "2001.10.11"]
[Round "?"]
[White "Howie, Andrew"]
[Black "Lake, Jim"]
[Result "0-1"]
[WhiteElo "1237"]
[BlackElo "1470"]
[PlyCount "36"]
[EventDate "2001.??.??"]
[EventType "tourn (corr)"]
[EventRounds "4"]
[SourceTitle "Corr 2008"]
[Source "ChessBase"]
[SourceDate "2008.06.24"]
[SourceVersion "1"]
[SourceVersionDate "2008.06.24"]
[SourceQuality "1"]

1. e4 e5 2. Nf3 Nf6 3. Nc3 Bb4 4. a3 Bxc3 5. bxc3 d5 6. exd5 e4 7. Ng5 h6 8. Nh3 Bxh3 9. gxh3 Qxd5 10. Bg2 Nc6 11. Rb1 0-0-0 12. d3 Qa2 13. Rb3 exd3 14. cxd3 Rhe8+ 15. Kf1 Na5 16. Rb2 Qxa3 17. Rxb7 Rxd3 18. Bxa3 Rxd1# 0-1

[Event "IECC CL6-2001.31"]
[Site "IECC email"]
[Date "2001.10.11"]
[Round "?"]
[White "Lake, Jim"]
[Black "Kerber, Krzysztof"]
[Result "1-0"]
[WhiteElo "1424"]
[BlackElo "1234"]
[PlyCount "45"]
[EventDate "2001.??.??"]
[EventType "tourn (corr)"]
[EventRounds "4"]
[SourceTitle "Corr 2008"]
[Source "ChessBase"]
[SourceDate "2008.06.24"]
[SourceVersion "1"]
[SourceVersionDate "2008.06.24"]
[SourceQuality "1"]

1. e4 c5 2. Nf3 Nc6 3. Bb5 d6 4. Nc3 Bd7 5. Bxc6 Bxc6 6. d4 cxd4 7. Nxd4 Nf6 8. Qf3 Rc8 9. Nxc6 bxc6 10. Bg5 Nd7 11. Be3 a6 12. Qe2 a5 13. 0-0 g6 14. Bd4 e5 15. Be3 Bg7 16. Rfd1 Nf6 17. Bc5 Bf8 18. Qa6 Be7 19. Bxd6 0-0 20. Bxe5 Nd7 21. Qb7 Nc5 22. Rxd8 Nxb7 23. Rd7 1-0

[Event "IECC CL6-2001.26"]
[Site "IECC email"]
[Date "2001.08.18"]
[Round "?"]
[White "Lake, Jim"]
[Black "Torre, Leandro"]
[Result "1-0"]
[WhiteElo "1388"]
[BlackElo "1214"]
[PlyCount "69"]
[EventDate "2001.??.??"]
[EventType "tourn (corr)"]
[EventRounds "4"]
[SourceTitle "Corr 2008"]
[Source "ChessBase"]
[SourceDate "2008.06.24"]
[SourceVersion "1"]
[SourceVersionDate "2008.06.24"]
[SourceQuality "1"]

1. e4 e5 2. Nf3 Nf6 3. Nxe5 d6 4. Nf3 Nxe4 5. d4 d5 6. Bd3 Bd6 7. 0-0 0-0 8. c4 Bg4 9. cxd5 f5 10. Nc3 Nd7 11. h3 Bh5 12. Nxe4 fxe4 13. Bxe4 Nf6 14. Bf5 Bxf3 15. Be6+ Kh8 16. Qxf3 Qe8 17. Qb3 Rb8 18. a3 Qh5 19. Be3 b6 20. Rfe1 Rbe8 21. Rac1 a5 22. Qd1 Qxd1 23. Rexd1 Ne4 24. Re1 Nf6 25. Rc6 Nh5 26. g3 h6 27. Kg2 Nf6 28. f4 Re7 29. f5 Nh5 30. g4 Nf4+ 31. Bxf4 Bxf4 32. Re5 Bxe5 33. dxe5 Ree8 34. Rxc7 Rxe6 35. fxe6 1-0